|
|
|
|
| LEADER |
00751nam a2200193 a 4500 |
| 001 |
c000091329 |
| 003 |
CARM |
| 005 |
00000000000000.0 |
| 008 |
930809s1965 enk 00011 eng d |
| 019 |
1 |
|
|a 10314912
|5 LACONCORD2021
|
| 035 |
|
|
|a (OCoLC)2936995
|5 LACONCORD2021
|
| 100 |
1 |
|
|a Finney, Jack.
|
| 245 |
1 |
0 |
|a I love Galesburg in the springtime :
|b fantasy and time stories /
|c by Jack Finney.
|
| 260 |
|
|
|a London :
|b Eyre & Spottiswoode,
|c 1965.
|
| 300 |
|
|
|a 224 p. ;
|c 19 cm.
|
| 650 |
|
0 |
|a Fantastic fiction, American.
|
| 852 |
8 |
|
|b CARM
|h A2:AG15H0
|i A00949
|p 0103946
|f BK
|
| 999 |
f |
f |
|i c36364d2-6e28-54a0-8824-4d31943660db
|s c13fc4b0-72d2-531c-8e01-6c2ebe3748b1
|
| 952 |
f |
f |
|p Can circulate
|a CAVAL
|b CAVAL
|c CAVAL
|d CARM 1 Store
|e A00949
|f A2:AG15H0
|h Other scheme
|i book
|m 0103946
|